Twisted Tenses: Advertising Slogans Quiz Stats

Quiz Updated Sep 2, 2015

Also try: Corporate Logos
Challenge
Share
Tweet
Embed
Score 0/25 Timer 05:00
0 Plays Today
Slogan? Company % Correct
Just doing itNike
99.1%
I'll be lovin' itMcDonald's
88.5%
Tasted the rainbowSkittles
84.2%
Ate freshSubway
82.9%
You were in good handsAllstate
64.9%
Had a break, had a _____Kit Kat
64.8%
Maybe she will be born with itMaybelline
62%
What could brown do for you?UPS
61.5%
Zooming ZoomedMazda
58.3%
Betcha couldn't eat just oneLay's
54.5%
Saved money. Lived better.Walmart
49.6%
The best a man could getGillette
48.7%
Expecting more. Paying less.Target
47.2%
Slogan? Company % Correct
Making from the best stuff on EarthSnapple
40.7%
Everywhere you wanted to beVisa
39.1%
A diamond was foreverDe Beers
30%
Because you were worth itL'Oréal
29.5%
Coming hungry, leaving happy.IHOP
25.8%
Now that was betterWendy's
24.2%
Shared a _____Coca-Cola
24.2%
Will be making more happenStaples
11.7%
We answered to a higher authorityHebrew National
11.3%
Never settledVerizon Wireless
8.5%
It was your spaceAvis
3.3%
Building it beautifulSquarespace
2.9%

You're not logged in!

Compare scores with friends on all Sporcle quizzes.
Join for Free
OR
Log In

You Might Also Like...

Show Comments

Extras

Top Quizzes Today


Score Distribution

Your Account Isn't Verified!

In order to create a playlist on Sporcle, you need to verify the email address you used during registration. Go to your Sporcle Settings to finish the process.

Report this User

Report this user for behavior that violates our Community Guidelines.

Details: